| 000 -LEADER |
| fixed length control field |
00771nam a2200241Ia 4500 |
| 001 - CONTROL NUMBER |
| control field |
16497 |
| 003 - CONTROL NUMBER IDENTIFIER |
| control field |
GE_BSU |
| 008 - FIXED-LENGTH DATA ELEMENTS--GENERAL INFORMATION |
| fixed length control field |
181216s||||||||xx |||||||||||||| ||und|| |
| 020 ## - INTERNATIONAL STANDARD BOOK NUMBER |
| International Standard Book Number |
5030037861 |
| 040 ## - CATALOGING SOURCE |
| Transcribing agency |
GE_BSU |
| 080 ## - UNIVERSAL DECIMAL CLASSIFICATION NUMBER |
| Universal Decimal Classification number |
541.1 |
| 100 ## - MAIN ENTRY--PERSONAL NAME |
| Personal name |
Эткинс,П, ДЖ,ДЕ,Паула, |
| 245 ## - TITLE STATEMENT |
| Title |
Физическая химия=ATKINS'Physical Chemistry |
| 245 ## - TITLE STATEMENT |
| Remainder of title |
Равновесная термодинамика |
| 245 ## - TITLE STATEMENT |
| Statement of responsibility, etc. |
Пер:с англ,И,А,Успенской,В,А,Иванова,Под:ред:,В,В,Лунина,О,М,Полторока |
| 260 ## - PUBLICATION, DISTRIBUTION, ETC. |
| Place of publication, distribution, etc. |
Москва |
| 260 ## - PUBLICATION, DISTRIBUTION, ETC. |
| Name of publisher, distributor, etc. |
Мир |
| 260 ## - PUBLICATION, DISTRIBUTION, ETC. |
| Date of publication, distribution, etc. |
2007 |
| 653 ## - INDEX TERM--UNCONTROLLED |
| Uncontrolled term |
Физическая химия |
| 653 ## - INDEX TERM--UNCONTROLLED |
| Uncontrolled term |
ფიზიკური ქიმია |
| 942 ## - ADDED ENTRY ELEMENTS (KOHA) |
| Koha item type |
წიგნი |